000 01079cam a2200265 4500
001 WB3712-26
008 000000n2001 000 0 eng u
035 _a(Sirsi) u111504
245 _aMobile phone masts
260 _c2001
490 _aDETR News Release
_v(142) 16 March 2001, (4)
490 _aFinancial Times
_v17-18 March 2001, 4(1)
520 _aThe government is strengthening controls on the siting of mobile phone masts. Masts of 15 metres or less are being brought into the normal planning permission process. Both the period and the fess for dealing with applications are to be increased to allow for better consultation, including with school governors over new masts on or near schools and colleges.
590 _aWB
650 _aCOLLEGES
650 _aTELEPHONE MASTS
650 _aHEALTH
650 _aHEALTH AND SAFETY
_96244
650 _aTELECOMMUNICATION MASTS
650 _aPLANNING APPLICATIONS
650 _aPLANNING PROCESS
650 _aSCHOOLS
690 _aENVIRONMENTAL AND LAND CONSULTANCY-PLANNING AND DEVELOPMENT
942 _n0
999 _c66447
_d66447